000 00267nam a22001217a 4500
008 181009b xxu||||| |||| 00| 0 eng d
041 _aeng
080 _a710
100 _a44
101 _aART
245 _aItalian Baroque Painting
_cWaterhouse,E
942 _2udc
_cBK
999 _c49245
_d49245